Trenerzy Legii Warszawa w XXI wieku . - Statystyki

Ogólne statystyki
  • Ten quiz został rozwiązany 85 razy
    70 od ostatniego zresetowania
  • Średni wynik to 12 z 17
Statystyki odpowiedzi
Lata Narodowość Trener % Poprawnych
2013-2015 Norwegia Berg
93%
2015-2016 Rosja Czerczesow
93%
2020-teraz Polska Michniewicz
91%
2019-2020 Serbia Vukovic
88%
2016-2017 Polska Magiera
87%
2018-2019 Portugalia Sa Pinto
87%
2016-2016 Albania Hasi
81%
2010-2012 Polska Skorża
79%
2007-2010 Polska Urban
79%
2012-2013 Polska Urban
79%
2017-2018 Chorwacja Jozak
78%
2018-2018 Chorwacja Klafuric
70%
1999-2001 Polska Smuda
54%
2005-2007 Polska Wdowczyk
40%
2001-2003 Serbia Okuka
34%
2004-2005 Polska Zieliński
34%
2003-2004 Polska Kubicki
24%
Nie znaleziono quizów pasujących do podanych kryteriów
Rozkład punktacji
Procent ludzi z każdym wynikiem
Percentyl według liczby udzielonych odpowiedzi
Twoja historia wyników
Nie rozwiązałeś tego quizu od ostatniego zresetowania